000
00248nam a2200097Ia 4500
001
912061
005
20250826185731.0
008
250824s9999 xx 000 0 und d
245
0
_a
BU GELEN KÖROĞLUDUR
_c
SAMED BEHRENGİ
260
_b
AKVARYUM YAYINLARI
999
_c
912061
_d
912061